Quizzes
Events
Quiz Creation
Community
Videos
Private Events
Remove Ads
Sign In
Join for FREE
Feedback
Dark Mode
Quiz Categories
Sports
Geography
Music
Movies
Television
Just For Fun
Miscellaneous
History
Literature
Language
Science
Gaming
Entertainment
Religion
Holiday
For Kids
Quiz Lab
Recent
Popular Today
Quiz Kudos Today
Editor Picks
Curator Picks
Quizzes by...
Day
Popularity
Type
Ratings
Length
Year
Community
Subscriptions
Recent Discussions
Orange Saloon
Badges
Playlists
Quests
Create
Leaderboards
Showdown
Live 5
Trivia Bingo
Activity
Puzzle Library
Sporcle Events
Private Events
Virtual Trivia
Globe League
Become a Host
Pub Owners
SporcleCon
Opinionation
Our Games
Videos
Blog
Mobile Apps
Partnerships
Remove Ads and Go Orange
Feedback
Miscellaneous
Crossword
General Knowledge
Baby Names
Logo
Food
Cars
Numbers
Grab Bag
University
College
Popular
Company
Slogans
Restaurants
Justice
Letter
Miscellaneous
Crossword
General Knowledge
Baby Names
Logo
Food
Cars
Numbers
Grab Bag
University
College
Popular
Company
Slogans
Restaurants
Justice
Letter
Random Quiz
Search Sporcle
×
Quiz Lab
Quiz Lab
Miscellaneous
World
Type in answers that appear in a list
Type in answers that appear in a list
Classic
Best Score? Go Orange.
Wwe world heavyweight champions all Stats
Can you name the wwe world heavyweight champions all?
By
OrochiMaruWWE
10m
45 Questions
87 Plays
87 Plays
87 Plays
Comments
Comments
Give Quiz Kudos
Give Quiz Kudos
-
- Ratings
hide this ad
Replay
Link that replays current quiz
Next Quiz
Link to next quiz in quiz playlist
You Got
0%
They Got
Avg Score
60%
Avg Friend Score
Upgrade to see
Score Distribution
Jump to the score distribution portion of the page
Score
0/45
Timer
10:00
0
Plays Today
date won
superstar
% Correct
9/
2/
2002
HHH
87.4%
12/
15/
2002
HHH
87.4%
12/
14/
2003
HHH
87.4%
9/
12/
2004
HHH
87.4%
5/
8/
2007
Edge
81.6%
12/
16/
2007
Edge
81.6%
6/
1/
2008
Edge
81.6%
2/
15/
2009
Edge
81.6%
4/
26/
2009
Edge
81.6%
7/
18/
2010
Kane
79.3%
4/
1/
2007
Undertaker
77%
3/
30/
2008
Undertaker
77%
10/
4/
2009
Undertaker
77%
11/
23/
2008
John Cena
73.6%
4/
5/
2009
John Cena
73.6%
4/
3/
2005
Batista
70.1%
11/
26/
2006
Batista
70.1%
9/
16/
2007
Batista
70.1%
10/
26/
2008
Batista
70.1%
8/
15/
2004
Randy Orton
69%
11/
17/
2002
Shawn Michaels
66.7%
4/
2/
2006
Rey Mysterio
63.2%
6/
20/
2010
Rey Mysterio
63.2%
date won
superstar
% Correct
6/
30/
2008
CM Punk
59.8%
6/
7/
2009
CM Punk
59.8%
8/
23/
2009
CM Punk
59.8%
9/
7/
2008
Chris Jericho
57.5%
11/
3/
2008
Chris Jericho
57.5%
2/
21/
2010
Chris Jericho
57.5%
6/
7/
2009
Jeff Hardy
56.3%
7/
26/
2009
Jeff Hardy
56.3%
3/
30/
2010
Jack Swagger
56.3%
1/
10/
2006
Kurt Angle
55.2%
3/
14/
2004
Chris Benoit
52.9%
7/
17/
2007
The Great Khali
48.3%
7/
23/
2006
King Booker
40.2%
12/
19/
2010`
Edge
33.3%
2/
15/
2011
Edge
33.3%
5/
1/
2011
Christian
27.6%
7/
17/
2011
Christian
27.6%
5/
3/
2011
Randy Orton
26.4%
8/
14/
2011
Randy Orton
26.4%
9/
18/
2011
Mark Henry
23%
2/
15/
2011
Dolph Ziggler
21.8%
9/
21/
2003
Golberg
16.1%
Quiz Playlist
Details
Report
Send in Message
Add To Playlist
Classic:
Type in answers that appear in a list
Last Updated: Feb 16, 2017
Quiz Scoreboard
CHALLENGE
Sign Up to Join the Scoreboard
Show All
Scores
Hide
Comments
May contain spoilers
Recently Published
1-10 Letter E Words III
by El_Dandy
Language
2m
One Thing in Common: World Cities II
by knightlancer
Geography
7m
Popular People in 1961
by mucciniale
History
6m
More to Explore
Quiz From the Vault
Featured Blog Post
Where Did the Easter Bunny Come From?
hide this ad
You Might Also Like...
Tags
World Quiz
WWE Quiz
champion
date
Heavyweight
note
special
Superstar
Won
Today's Top Quizzes in Miscellaneous
Browse Miscellaneous
hide this ad
Today's Top Quizzes in World
Browse World
Top Contributed Quizzes in Miscellaneous
1
The JOE quick-fire general knowledge quiz: Day 173
2
The JOE quick-fire general knowledge quiz: Day 172
3
Sunday Crossword: Famous Bodies of Water
4
Named After an Animal - Odd One Out!
5
sort kpop groups by number of members
6
One Thing in Common: United Kingdom II
7
The JOE quick-fire general knowledge quiz: Day 171
8
Lays Potato Chip Flavour Contest Finalists
9
The JOE quick-fire quiz: Day 170
10
Sunday Crossword: Themeless #5
Explore More
Trending Topics
Disney
Crossword
Kpop
Marvel
Harry Potter
NBA
Anime
Country
Soccer
Pokémon
The Office
WWE
NFL
Song
Puzzle
hide this ad
More By:
OrochiMaruWWE
Quiz
Plays
Rating
Category
Featured
Created
WWE Pic quiz
1,202
1.92
Miscellaneous
Mar 23, 2010
sheamus wwe theme song
1,065
2.13
Music
May 6, 2010
WWE Famous Tag Teams
998
2.38
Miscellaneous
Mar 23, 2010
Metallica Lyric Quiz
561
1.04
Music
Mar 23, 2010
wwe finishers
331
1.40
Television
Mar 29, 2010
Go to Creator's Profile
Score Distribution
Quiz Creator Spotlight
OrochiMaruWWE
Follow
Send a Message
Quizzes Created
-
Created Quiz Play Count
-
More By This Creator
Popular Quizzes Today
1
Find the US States - No Outlines Minefield
2
Find the Countries of Europe - No Outlines Minefield
3
The Countries of the World
4
Popular People in 1961
5
1-10 Letter E Words III
6
Find the US States
7
One Thing in Common: World Cities II
8
US States
More Miscellaneous Quizzes
The Moon Quiz
Published
Trending Quizzes
Risky Map Clicking: Least Populous States A-Z
1-10 Letter F Words
1-10 Letter G Words
One Thing in Common: United Kingdom
Risky Map Clicking: Next State Alphabetically
Recently Updated
Leaping Animals
pecheneg
Reality TV Shows (A-Z)
bhenderson79
Rickey Henderson's Hall of Fame Teammates
pecheneg
Champions League XIs: Arsenal
pecheneg
Quick Pick: Celebrities in WWE's Hall of Fame
aduchscher
A-Z Keypad Blitz II
pecheneg
Multiple Oscar Actors
pecheneg
Mystery Phrase Blitz: Oscar 'Best Actors'
pecheneg
F. Scott Fitzgerald Novels
LTH
Pick 3 Villains
ddd62291
Trending Topics
Kpop
Anime
Harry Potter
NBA
Disney
Marvel
Crossword
Country
The Office
Pokémon
Soccer
WWE
Puzzle
Song
NFL
Your Account Isn't Verified!
In order to create a playlist on Sporcle, you need to verify the email address you used during registration. Go to your
Sporcle Settings
to finish the process.
Report this User
Report this user for behavior that violates our
Community Guidelines
.
Details:
Send Report
Go to the Sporcle.com Mobile Site →
Comments